000 00681nam a2200217Ia 4500
008 220107t1958||||xx |||||||||||||| ||und||
040 _aBoOrUTOFe
_bEs
_cUTO
044 _aUS
082 _aeco 330.1
_bE68
100 _aEpstein C, Ralph
245 0 _aSelections in economics
246 _aSelections in economics
250 _a2
260 _aNew York:
_bAdvisory Board,
_c1958
300 _a216p.
_bgraf.
_c23cm
505 _aValue and Price, distribution of income, labor in the economic, international trade, economic development and foreing aid
650 _aSelections in economics
655 _aLibros de Texto
700 _aArthur D, Butler
942 _cLI
_zFCEFA16
999 _c3521
_d3521
_x1